[Event "St Petersburg Korchnoi Memorial op"]
[Site "St Petersburg"]
[Date "2023.08.22"]
[Round "7"]
[White "Gridnev, Selantiy"]
[Black "Ponomarev, Egor1111"]
[Result "1-0"]
[WhiteElo "1998"]
[BlackElo "1653"]
[PlyCount "80"]
[EventDate "2023.08.18"]
[EventType "swiss"]
[EventRounds "9"]
[EventCountry "RUS"]
[SourceTitle "EXT 2024"]
[Source "ChessBase"]
[SourceDate "2023.10.10"]
[SourceVersion "1"]
[SourceVersionDate "2023.10.10"]
[SourceQuality "1"]

1. Nf3 Nf6 2. g3 g6 3. b3 Bg7 4. Bb2 0-0 5. Bg2 c5 6. c4 d6 7. d4 d5 8. 0-0 cxd4 9. Nxd4 e5 10. Nf3 e4 11. Nd4 Nc6 12. cxd5 Qxd5 13. Nxc6 Qxc6 14. Na3 Bf5 15. Nc4 Rad8 16. Qe1 b6 17. Rd1 Rxd1 18. Qxd1 Qd7 19. Qa1 Nh5 20. Rd1 Bxb2 21. Nxb2 Qe7 22. Nc4 Rd8 23. h3 Be6 24. Ne3 f5 25. Rxd8+ Qxd8 26. Qe5 Kf7 27. Bf1 Qf6 28. Qc7+ Qe7 29. Qb8 Nf6 30. Ng2 Kg7 31. Qe5 Kf7 32. Nf4 Bd7 33. Qb8 Bc6 34. e3 g5 35. Bc4+ Kg7 36. Ne6+ Kh6 37. Qe5 b5 38. Qxf5 Ne8 39. h4 gxh4 40. g4 h3 1-0

[Event "Olginka Orbit op"]
[Site "Olginka"]
[Date "2022.08.19"]
[Round "4"]
[White "Osipov, Aleksandr"]
[Black "Gridnev, Selantiy"]
[Result "1/2-1/2"]
[WhiteElo "2115"]
[BlackElo "1983"]
[PlyCount "90"]
[EventDate "2022.08.16"]
[EventType "swiss"]
[EventRounds "9"]
[EventCountry "RUS"]
[SourceTitle "CBM 209 Extra"]
[Source "ChessBase"]
[SourceDate "2022.09.30"]
[SourceVersion "1"]
[SourceVersionDate "2022.09.30"]
[SourceQuality "1"]

1. d4 Nf6 2. c4 e6 3. g3 c5 4. d5 exd5 5. cxd5 d6 6. Nc3 g6 7. Bg2 Bg7 8. Nf3 0-0 9. 0-0 Re8 10. Bf4 Bf5 11. Nd2 Nh5 12. Be3 Rxe3 13. fxe3 Nd7 14. Nc4 Ne5 15. Nxe5 Bxe5 16. Rxf5 gxf5 17. Qd3 Qg5 18. Rf1 Ng7 19. Nd1 Rc8 20. e4 c4 21. Qf3 Qg4 22. Qf2 Rc5 23. Kh1 b5 24. exf5 b4 25. f6 Ne8 26. Ne3 Qd4 27. Qf3 Nxf6 28. g4 c3 29. g5 Qh4 30. Bh3 Qf4 31. Qxf4 Bxf4 32. Rxf4 Nxd5 33. Nxd5 c2 34. Nf6+ Kg7 35. Rf1 c1Q 36. Rxc1 Rxc1+ 37. Kg2 Rc2 38. Kf2 Rxb2 39. Bf5 Rxa2 40. Ne8+ Kf8 41. Nxd6 b3 42. Ke3 Ra5 43. Bxh7 Rxg5 44. Nc4 Rh5 45. Bd3 Rxh2 1/2-1/2

[Event "Olginka Orbit op"]
[Site "Olginka"]
[Date "2022.08.18"]
[Round "3"]
[White "Gridnev, Selantiy"]
[Black "Afonasieva, Anna"]
[Result "1/2-1/2"]
[WhiteElo "1983"]
[BlackElo "2152"]
[PlyCount "93"]
[EventDate "2022.08.16"]
[EventType "swiss"]
[EventRounds "9"]
[EventCountry "RUS"]
[SourceTitle "CBM 209 Extra"]
[Source "ChessBase"]
[SourceDate "2022.09.30"]
[SourceVersion "1"]
[SourceVersionDate "2022.09.30"]
[SourceQuality "1"]

1. c4 c6 2. d4 d5 3. cxd5 cxd5 4. Bf4 Nc6 5. e3 Nf6 6. Nc3 a6 7. Be2 h6 8. Nf3 Bf5 9. 0-0 e6 10. Qb3 Bd6 11. Bxd6 Qxd6 12. Qxb7 0-0 13. Qb3 Rfb8 14. Qa3 Qxa3 15. bxa3 Rb2 16. Rfe1 Bc2 17. Bd1 Rab8 18. Rc1 Bxd1 19. Nxd1 R2b6 20. Nc3 Na5 21. Na4 Rb5 22. Ne5 Ne4 23. h4 Nd6 24. Nc6 Nxc6 25. Rxc6 Rb1 26. Rxb1 Rxb1+ 27. Kh2 Ne4 28. f3 Nd2 29. Rxa6 Nf1+ 30. Kh3 Nxe3 31. Nc5 Rb2 32. Ra8+ Kh7 33. Nd7 h5 34. g4 hxg4+ 35. fxg4 Nf1 36. g5 f5 37. gxf6 gxf6 38. Nxf6+ Kg6 39. Nd7 Rd2 40. Ne5+ Kg7 41. Ra7+ Kh6 42. Re7 Rxa2 43. Kg4 Ne3+ 44. Kf4 Rxa3 45. Rxe6+ Kh5 46. Re8 Ng2+ 47. Kf5 1/2-1/2

[Event "Olginka Orbit op"]
[Site "Olginka"]
[Date "2022.08.17"]
[Round "2"]
[White "Ekdyshman, Mikhail"]
[Black "Gridnev, Selantiy"]
[Result "1/2-1/2"]
[WhiteElo "2297"]
[BlackElo "1983"]
[PlyCount "77"]
[EventDate "2022.08.16"]
[EventType "swiss"]
[EventRounds "9"]
[EventCountry "RUS"]
[SourceTitle "CBM 209 Extra"]
[Source "ChessBase"]
[SourceDate "2022.09.30"]
[SourceVersion "1"]
[SourceVersionDate "2022.09.30"]
[SourceQuality "1"]

1. e4 c5 2. Nf3 d6 3. d4 cxd4 4. Nxd4 Nf6 5. Nc3 a6 6. Bd3 e5 7. Nde2 Be7 8. 0-0 0-0 9. Ng3 Be6 10. Nd5 Bxd5 11. exd5 g6 12. c4 Nbd7 13. Bh6 Re8 14. Be2 a5 15. b3 Bf8 16. Be3 h5 17. h3 h4 18. Nh1 Nh7 19. f3 Be7 20. f4 exf4 21. Bxf4 Bg5 22. Qd2 Re4 23. Bxg5 Qxg5 24. Qxg5 Nxg5 25. Bf3 Re7 26. Rfe1 Ne5 27. Bd1 Rae8 28. Re3 b6 29. Nf2 f5 30. Kf1 Kf7 31. Bc2 Kf6 32. Rd1 Nd7 33. Rxe7 Rxe7 34. Rd4 Rh7 35. Ke2 Ne5 36. a3 Re7 37. Kf1 Rh7 38. Ke2 Re7 39. Kd1 1/2-1/2

[Event "Tuapse op"]
[Site "Tuapse"]
[Date "2022.06.20"]
[Round "4"]
[White "Saulina, Varvara"]
[Black "Gridnev, Selantiy"]
[Result "1-0"]
[WhiteElo "2199"]
[BlackElo "2036"]
[PlyCount "119"]
[EventDate "2022.06.17"]
[EventType "swiss"]
[EventRounds "9"]
[EventCountry "RUS"]
[SourceTitle "CBM 209 Extra"]
[Source "ChessBase"]
[SourceDate "2022.09.30"]
[SourceVersion "1"]
[SourceVersionDate "2022.09.30"]
[SourceQuality "1"]

1. e4 c5 2. Nf3 d6 3. d4 cxd4 4. Nxd4 Nf6 5. Nc3 a6 6. h3 e5 7. Nde2 h5 8. Bg5 Be7 9. Bxf6 Bxf6 10. Nd5 Be6 11. c4 Bg5 12. Nec3 Nc6 13. Be2 g6 14. 0-0 Rc8 15. a4 Qa5 16. Ra3 Qc5 17. a5 Bd8 18. Na4 Qd4 19. Rd3 Qxe4 20. Nab6 Rb8 21. Nc3 Qh4 22. Rxd6 0-0 23. Rxe6 fxe6 24. Nd7 Bxa5 25. Qb1 Kg7 26. Ne4 Rbd8 27. Nxf8 Rxf8 28. b4 Bxb4 29. Rd1 Nd4 30. Bf1 a5 31. g3 Qe7 32. h4 b6 33. Ng5 Qf6 34. Nh3 Qf5 35. Qa1 Bc5 36. Qa4 Qe4 37. Bg2 Qe2 38. Rf1 Nf3+ 39. Kh1 Rf7 40. Qe8 Re7 41. Qc6 Nd2 42. Rc1 Nb3 43. Rf1 Nd4 44. Qa8 Qxc4 45. Ng5 a4 46. Qb8 Nc6 47. Qc8 Bd4 48. f4 Na5 49. Qd8 Nc6 50. Qd6 e4 51. Nxe4 Qd5 52. Qa3 Qb3 53. Ng5 Rc7 54. Qc1 a3 55. Rf3 Qxf3 56. Bxf3 a2 57. Nxe6+ Kh6 58. Nxc7 Nb4 59. f5+ Kg7 60. Ne6+ 1-0

[Event "Novi Sad TS Mix 244th"]
[Site "Novi Sad"]
[Date "2022.02.25"]
[Round "7"]
[White "Bryakin, Mikhail"]
[Black "Gridnev, Selantiy"]
[Result "1-0"]
[WhiteElo "2481"]
[BlackElo "1937"]
[PlyCount "113"]
[EventDate "2022.02.21"]
[EventType "swiss"]
[EventRounds "10"]
[EventCountry "SRB"]
[SourceTitle "CBM 207 Extra"]
[Source "ChessBase"]
[SourceDate "2022.05.31"]
[SourceVersion "1"]
[SourceVersionDate "2022.05.31"]
[SourceQuality "1"]

1. Nf3 Nf6 2. d4 c5 3. c3 d5 4. Bf4 Nc6 5. e3 Qb6 6. Qc2 g6 7. Nbd2 Bf5 8. dxc5 Qxc5 9. Qb3 Na5 10. Qb5+ Qxb5 11. Bxb5+ Bd7 12. a4 a6 13. Be2 Nc6 14. h3 Bg7 15. Ne5 Nxe5 16. Bxe5 0-0 17. a5 Rfc8 18. Bf3 Bc6 19. Nb3 Nd7 20. Bh2 Ne5 21. Be2 Bb5 22. Bxe5 Bxe5 23. Nd4 Bd7 24. f4 Bg7 25. Kd2 e6 26. h4 h5 27. g4 e5 28. fxe5 Bxg4 29. Bxg4 hxg4 30. Rhg1 Re8 31. Rxg4 Rxe5 32. Ra3 Bh6 33. Nc2 Rae8 34. Rb3 R8e7 35. Rgb4 Bxe3+ 36. Nxe3 Rxe3 37. Rxb7 R7e4 38. R3b6 d4 39. Rxa6 Rxh4 40. cxd4 Rg3 41. Kc2 Rxd4 42. Raa7 Rc4+ 43. Kb1 Rg1+ 44. Ka2 Ra4+ 45. Kb3 Rga1 46. Rxf7 Rxa5 47. Rg7+ Kf8 48. Raf7+ Ke8 49. Rb7 Kf8 50. Rxg6 Rh1 51. Rc6 Ra8 52. Kc4 Ke8 53. b4 Kd8 54. Kb5 Ra2 55. Kb6 Rh4 56. b5 Rh5 57. Rg6 1-0

[Event "Novi Sad TS Mix 244th"]
[Site "Novi Sad"]
[Date "2022.02.23"]
[Round "4"]
[White "Silich, Yahor"]
[Black "Gridnev, Selantiy"]
[Result "0-1"]
[WhiteElo "2306"]
[BlackElo "1937"]
[PlyCount "37"]
[EventDate "2022.02.21"]
[EventType "swiss"]
[EventRounds "10"]
[EventCountry "SRB"]
[SourceTitle "CBM 207 Extra"]
[Source "ChessBase"]
[SourceDate "2022.05.31"]
[SourceVersion "1"]
[SourceVersionDate "2022.05.31"]
[SourceQuality "1"]

1. e4 c5 2. Nf3 d6 3. Bb5+ Nd7 4. d4 cxd4 5. Qxd4 a6 6. Bxd7+ Bxd7 7. 0-0 Nf6 8. Bg5 e6 9. Bxf6 Qxf6 10. Qxf6 gxf6 11. c4 Rc8 12. Nbd2 Be7 13. a4 h5 14. b3 h4 15. h3 Rh5 16. Rfd1 Kd8 17. Nd4 Kc7 18. Kf1 e5 19. Nc2 0-1

[Event "Novi Sad TS Mix 244th"]
[Site "Novi Sad"]
[Date "2022.02.22"]
[Round "2"]
[White "Uskov, Artem"]
[Black "Gridnev, Selantiy"]
[Result "1/2-1/2"]
[WhiteElo "2128"]
[BlackElo "1937"]
[PlyCount "105"]
[EventDate "2022.02.21"]
[EventType "swiss"]
[EventRounds "10"]
[EventCountry "SRB"]
[SourceTitle "CBM 207 Extra"]
[Source "ChessBase"]
[SourceDate "2022.05.31"]
[SourceVersion "1"]
[SourceVersionDate "2022.05.31"]
[SourceQuality "1"]

1. e4 c5 2. Nf3 d6 3. d4 cxd4 4. Nxd4 Nf6 5. Nc3 a6 6. Bg5 e6 7. f4 h6 8. Bh4 Qb6 9. a3 Nc6 10. Bf2 Qc7 11. Qd3 Be7 12. 0-0-0 Bd7 13. g4 Nxd4 14. Bxd4 e5 15. fxe5 dxe5 16. Qg3 Bd6 17. Be3 Bxa3 18. Bd2 Be7 19. g5 hxg5 20. Bxg5 0-0-0 21. Bxf6 Bxf6 22. Nd5 Qa5 23. Kb1 Kb8 24. Bc4 Be6 25. Qb3 Rc8 26. c3 Ka7 27. Be2 Rh4 28. Qc2 Qc5 29. Bd3 Rch8 30. b4 Qc8 31. Nxf6 gxf6 32. Kb2 Bc4 33. Qf2+ Ka8 34. Bc2 Qc6 35. Rd2 Rf4 36. Qe3 Rf1 37. Rxf1 Bxf1 38. h4 Bc4 39. Qf3 a5 40. Rd1 axb4 41. cxb4 Qb6 42. Qc3 Rc8 43. h5 Be6 44. Qd2 Rh8 45. h6 Kb8 46. Rf1 Qc6 47. Rf3 f5 48. Rc3 Qb6 49. exf5 Qxb4+ 50. Bb3 Qd4 51. Qg5 Bxb3 52. Kxb3 Qb6+ 53. Kc2 1/2-1/2

[Event "Novi Sad TS Mix 236th"]
[Site "Novi Sad"]
[Date "2022.02.11"]
[Round "6.1"]
[White "Gridnev, Selantiy"]
[Black "Zotova, Anastasia"]
[Result "1/2-1/2"]
[WhiteElo "1937"]
[BlackElo "2006"]
[PlyCount "37"]
[EventDate "2022.02.08"]
[EventType "schev"]
[EventRounds "9"]
[EventCountry "SRB"]
[SourceTitle "CBM 207 Extra"]
[Source "ChessBase"]
[SourceDate "2022.05.31"]
[SourceVersion "1"]
[SourceVersionDate "2022.05.31"]
[SourceQuality "1"]
[WhiteTeam "Team B"]
[BlackTeam "Team A"]
[WhiteTeamCountry "SRB"]
[BlackTeamCountry "SRB"]

1. Nf3 Nf6 2. c4 e6 3. Nc3 d5 4. d4 Be7 5. Bf4 0-0 6. e3 Nbd7 7. a3 dxc4 8. Bxc4 c5 9. 0-0 cxd4 10. Qxd4 Qb6 11. Qd2 Nh5 12. Ne5 Nxf4 13. Nxd7 Bxd7 14. Qxd7 Ng6 15. Na4 Qa5 16. b4 Ne5 17. Qxe7 Qxa4 18. Be2 Qc2 19. Rfe1 1/2-1/2

[Event "Novi Sad TS Mix 236th"]
[Site "Novi Sad"]
[Date "2022.02.10"]
[Round "4.1"]
[White "Gridnev, Selantiy"]
[Black "Haznedaroglu, Meltem"]
[Result "1-0"]
[WhiteElo "1937"]
[BlackElo "1811"]
[PlyCount "53"]
[EventDate "2022.02.08"]
[EventType "schev"]
[EventRounds "9"]
[EventCountry "SRB"]
[SourceTitle "CBM 207 Extra"]
[Source "ChessBase"]
[SourceDate "2022.05.31"]
[SourceVersion "1"]
[SourceVersionDate "2022.05.31"]
[SourceQuality "1"]
[WhiteTeam "Team B"]
[BlackTeam "Team A"]
[WhiteTeamCountry "SRB"]
[BlackTeamCountry "SRB"]

1. d4 Nf6 2. c4 e6 3. Nf3 d5 4. Nc3 Be7 5. Bf4 0-0 6. e3 b6 7. Bd3 dxc4 8. Bxc4 Bb7 9. 0-0 a6 10. Qe2 c5 11. Rfd1 Nbd7 12. a4 Nh5 13. dxc5 Nxf4 14. exf4 Bxf3 15. Qxf3 Bxc5 16. Qb7 b5 17. Rxd7 Qe8 18. Rc7 bxc4 19. Rxc5 Rb8 20. Qxa6 Rxb2 21. Qxc4 Qd7 22. Rf1 Rc2 23. a5 Rb8 24. a6 g6 25. Rc7 Qd2 26. a7 Rd8 27. Rc8 1-0

[Event "Malaya Zemlya Rapid op"]
[Site "Novorossiysk"]
[Date "2021.07.10"]
[Round "2"]
[White "Vastrukhin, Oleg"]
[Black "Gridnev, Selantiy"]
[Result "1-0"]
[WhiteElo "2401"]
[BlackElo "1841"]
[PlyCount "109"]
[EventDate "2021.07.10"]
[EventType "swiss (rapid)"]
[EventRounds "9"]
[EventCountry "RUS"]
[SourceTitle "CBM 203 Extra"]
[Source "ChessBase"]
[SourceDate "2021.09.30"]
[SourceVersion "1"]
[SourceVersionDate "2021.09.30"]
[SourceQuality "1"]

1. Nf3 d5 2. g3 Nf6 3. Bg2 c6 4. 0-0 Bg4 5. Ne5 Bh5 6. d4 Nbd7 7. c4 e6 8. Nc3 Nxe5 9. dxe5 Nd7 10. cxd5 cxd5 11. f4 Bc5+ 12. Kh1 0-0 13. h3 a6 14. Qe1 f6 15. g4 Bf7 16. exf6 Nxf6 17. e4 d4 18. Ne2 Bg6 19. f5 exf5 20. exf5 Bf7 21. Nf4 Re8 22. Qg3 Ne4 23. Qd3 Qe7 24. Bd2 Nxd2 25. Qxd2 Qe3 26. Rad1 Qxd2 27. Rxd2 Rad8 28. Rfd1 Bxa2 29. b4 Bb3 30. bxc5 Bxd1 31. Rxd1 Re7 32. Bd5+ Kh8 33. Rxd4 Re5 34. Kg2 a5 35. Kf3 Rd7 36. h4 Rd8 37. h5 Rd7 38. Kg3 Rd8 39. Kh4 Rd7 40. Kg5 Rd8 41. h6 Rd7 42. hxg7+ Kxg7 43. Nh5+ Kh8 44. Nf6 Rd8 45. Kf4 Re1 46. Ra4 Kg7 47. Nh5+ Kh6 48. Bf7 Rf1+ 49. Ke5 Kg5 50. Nf6 Re1+ 51. Ne4+ Kxg4 52. f6 Rf8 53. Be6+ Kf3 54. Ra3+ Re3 55. Bg4+ 1-0

[Event "Sochi Lobanov Memorial"]
[Site "Sochi"]
[Date "2021.06.19"]
[Round "5"]
[White "Tomilova, Elena"]
[Black "Gridnev, Selantiy"]
[Result "1-0"]
[WhiteElo "2353"]
[BlackElo "1854"]
[PlyCount "127"]
[EventDate "2021.06.15"]
[EventType "swiss"]
[EventRounds "9"]
[EventCountry "RUS"]
[SourceTitle "CBM 203 Extra"]
[Source "ChessBase"]
[SourceDate "2021.09.30"]
[SourceVersion "1"]
[SourceVersionDate "2021.09.30"]
[SourceQuality "1"]

1. c4 e6 2. Nf3 d5 3. d4 Nf6 4. Nc3 c6 5. g3 dxc4 6. Bg2 Nbd7 7. 0-0 b5 8. e4 Bb7 9. e5 Nd5 10. Ng5 h6 11. Nxe6 fxe6 12. Qh5+ Ke7 13. Ne4 Qe8 14. Bg5+ N7f6 15. Qh4 Qg6 16. exf6+ gxf6 17. Bd2 Kf7 18. Rfe1 f5 19. Nc5 Bc8 20. a4 Qf6 21. Qh5+ Kg7 22. Bxd5 exd5 23. axb5 cxb5 24. Bf4 Bd6 25. Be5 Bxe5 26. Rxe5 Rf8 27. Rae1 Rf7 28. Re8 f4 29. g4 Qg5 30. Ne6+ Bxe6 31. Qxg5+ hxg5 32. Rxa8 Bxg4 33. Re5 Bf3 34. Rxg5+ Kf6 35. Rag8 Be4 36. f3 Bxf3 37. R8g6+ Ke7 38. Ra6 Kf8 39. Rgg6 Be4 40. Rgf6 b4 41. Rxf7+ Kxf7 42. Rxa7+ Kf6 43. Rb7 c3 44. Rxb4 c2 45. Rb6+ Kf5 46. Rc6 Bd3 47. Rc3 Ke4 48. Kf2 Kxd4 49. h4 Ke5 50. h5 Bf5 51. Rc5 Bd3 52. Rc3 Be4 53. h6 d4 54. Rc5+ Kd6 55. Rc8 d3 56. Ke1 f3 57. Kd2 Ke6 58. Rf8 Bf5 59. Re8+ Kf6 60. Re3 Bg4 61. Re1 Bh3 62. h7 Kg7 63. Rh1 f2 64. h8Q+ 1-0

[Event "Cheliabinsk Panchenko Memorial op-A"]
[Site "Cheliabinsk"]
[Date "2020.09.12"]
[Round "6"]
[White "Gridnev, Selantiy"]
[Black "Makov, Artem"]
[Result "1-0"]
[WhiteElo "1687"]
[BlackElo "1923"]
[PlyCount "113"]
[EventDate "2020.09.07"]
[EventType "swiss"]
[EventRounds "9"]
[EventCountry "RUS"]
[SourceTitle "CBM 198 Extra"]
[Source "ChessBase"]
[SourceDate "2020.11.30"]
[SourceVersion "1"]
[SourceVersionDate "2020.11.30"]
[SourceQuality "1"]

1. Nf3 g6 2. e4 c5 3. d4 cxd4 4. Qxd4 Nf6 5. e5 Nc6 6. Qa4 Nd5 7. Qe4 Ndb4 8. Bb5 Bg7 9. a3 Na6 10. Nc3 0-0 11. 0-0 Nc5 12. Qe2 d6 13. exd6 exd6 14. Bg5 Bf6 15. Bxf6 Qxf6 16. Nd5 Qg7 17. Nc7 Rb8 18. Ne8 Qh6 19. b4 Ne6 20. Nxd6 Nf4 21. Qe3 Bg4 22. Bxc6 bxc6 23. Ne5 Be6 24. Nd3 g5 25. Nxf4 gxf4 26. Qe5 Rbd8 27. Rad1 Qg6 28. Ne4 f3 29. g3 Qf5 30. Nf6+ Kh8 31. Qc3 Qh3 32. Qxf3 Qf5 33. Qxf5 Bxf5 34. c4 Bd3 35. Rfe1 Bxc4 36. Rxd8 Rxd8 37. Re8+ Rxe8 38. Nxe8 Kg8 39. Nd6 Bd5 40. f4 Kf8 41. Nc8 a6 42. Nb6 Be6 43. Kf2 Ke7 44. Ke3 Kd6 45. Kd4 Kc7 46. Kc5 f6 47. Nc4 Bd5 48. a4 Be6 49. a5 Bd5 50. Nd6 Kd7 51. Nf5 Kc7 52. Ne7 Be4 53. Ng8 f5 54. Nf6 Bd3 55. Nxh7 Kb7 56. Ng5 Be2 57. Nf7 1-0

[Event "Cheliabinsk Panchenko Memorial op-A"]
[Site "Cheliabinsk"]
[Date "2020.09.09"]
[Round "3"]
[White "Zhukov, Anton"]
[Black "Gridnev, Selantiy"]
[Result "1-0"]
[WhiteElo "2223"]
[BlackElo "1687"]
[PlyCount "47"]
[EventDate "2020.09.07"]
[EventType "swiss"]
[EventRounds "9"]
[EventCountry "RUS"]
[SourceTitle "CBM 198 Extra"]
[Source "ChessBase"]
[SourceDate "2020.11.30"]
[SourceVersion "1"]
[SourceVersionDate "2020.11.30"]
[SourceQuality "1"]

1. e4 c5 2. Nf3 d6 3. d4 cxd4 4. Qxd4 Nf6 5. Bb5+ Bd7 6. c4 a6 7. Bxd7+ Qxd7 8. Nc3 Nc6 9. Qd3 g6 10. 0-0 Bg7 11. Rd1 0-0 12. Qe2 Qe6 13. Nd5 Qg4 14. h3 Qh5 15. Nf4 Qa5 16. Bd2 Qc7 17. Bc3 Na5 18. b3 b5 19. Bxf6 Bxf6 20. Nd5 Qc6 21. cxb5 Qxb5 22. Nxf6+ exf6 23. Qb2 Kg7 24. Rxd6 1-0

[Event "Cheliabinsk Panchenko Memorial op-A"]
[Site "Cheliabinsk"]
[Date "2020.09.08"]
[Round "2"]
[White "Gridnev, Selantiy"]
[Black "Chyndygyr, Tamerlan"]
[Result "1-0"]
[WhiteElo "1687"]
[BlackElo "2052"]
[PlyCount "51"]
[EventDate "2020.09.07"]
[EventType "swiss"]
[EventRounds "9"]
[EventCountry "RUS"]
[SourceTitle "CBM 198 Extra"]
[Source "ChessBase"]
[SourceDate "2020.11.30"]
[SourceVersion "1"]
[SourceVersionDate "2020.11.30"]
[SourceQuality "1"]

1. Nf3 d5 2. e3 Nf6 3. c4 c6 4. Nc3 e6 5. b3 Be7 6. Bb2 0-0 7. d4 b6 8. Bd3 Bb7 9. 0-0 dxc4 10. Bxc4 b5 11. Bd3 a6 12. Ne4 Nbd7 13. Rc1 Nxe4 14. Bxe4 Rc8 15. Ne1 Bd6 16. g3 Qb6 17. Nd3 Rfd8 18. Qc2 c5 19. Nxc5 Nxc5 20. dxc5 Bxc5 21. Bxb7 Qxb7 22. Rfd1 Bb4 23. Rxd8+ Rxd8 24. Qc6 Qxc6 25. Rxc6 h6 26. Kg2 1-0

[Event "Cheliabinsk Panchenko Memorial op"]
[Site "Cheliabinsk"]
[Date "2019.09.12"]
[Round "4"]
[White "Gridnev, Selantiy"]
[Black "Talypov, Ildar"]
[Result "1/2-1/2"]
[WhiteElo "1578"]
[BlackElo "2124"]
[PlyCount "80"]
[EventDate "2019.09.09"]
[EventType "swiss"]
[EventRounds "9"]
[EventCountry "RUS"]
[SourceTitle "EXT 2020"]
[Source "ChessBase"]
[SourceDate "2019.10.17"]
[SourceVersion "1"]
[SourceVersionDate "2019.10.17"]
[SourceQuality "1"]

1. Nf3 d5 2. e3 Nf6 3. c4 e6 4. b3 Bd6 5. Bb2 0-0 6. Nc3 b6 7. Rc1 c5 8. d4 Bb7 9. cxd5 Nxd5 10. Nxd5 Bxd5 11. Bc4 Bb7 12. 0-0 Nd7 13. d5 Qe7 14. e4 Bc7 15. e5 exd5 16. Bxd5 Bxd5 17. Qxd5 Rfe8 18. Rcd1 Rad8 19. Qb7 Nf8 20. Rxd8 Bxd8 21. Qc6 Bc7 22. Rd1 Rd8 23. Rxd8 Qxd8 24. g3 Ne6 25. Kg2 Kf8 26. h4 h6 27. Qe4 a5 28. h5 Qd1 29. Qe1 Qd3 30. Nh4 Ng5 31. Qc3 Qe4+ 32. Kh2 Ne6 33. Qf3 Qc2 34. Ng6+ Kg8 35. Ne7+ Kf8 36. Ng6+ Kg8 37. Ne7+ Kf8 38. Ng6+ Ke8 39. Qc6+ Kd8 40. Qd5+ Ke8 1/2-1/2

[Event "Cheliabinsk Panchenko Memorial op"]
[Site "Cheliabinsk"]
[Date "2019.09.11"]
[Round "3"]
[White "Skatchkov, Valery"]
[Black "Gridnev, Selantiy"]
[Result "1-0"]
[WhiteElo "2277"]
[BlackElo "1578"]
[PlyCount "57"]
[EventDate "2019.09.09"]
[EventType "swiss"]
[EventRounds "9"]
[EventCountry "RUS"]
[SourceTitle "EXT 2020"]
[Source "ChessBase"]
[SourceDate "2019.10.17"]
[SourceVersion "1"]
[SourceVersionDate "2019.10.17"]
[SourceQuality "1"]

1. d4 Nf6 2. c4 e6 3. Nf3 d5 4. Nc3 c6 5. e3 Nbd7 6. Qc2 Be7 7. Bd3 dxc4 8. Bxc4 b5 9. Bd3 a6 10. Ne4 Bb7 11. Bd2 0-0 12. b4 Nxe4 13. Bxe4 Nb6 14. Bxh7+ Kh8 15. Bd3 Nd5 16. a3 Qc7 17. Ne5 Bd6 18. f4 Bxe5 19. fxe5 f6 20. e4 Nb6 21. exf6 Rxf6 22. e5 Rff8 23. Qd1 Rf5 24. Bxf5 exf5 25. Qh5+ Kg8 26. 0-0 Nc4 27. Qxf5 Nxd2 28. Qe6+ Kh7 29. Rf5 1-0

[Event "St Petersburg Korchnoi Memorial op"]
[Site "St Petersburg"]
[Date "2019.08.19"]
[Round "6"]
[White "Gridnev, Selantiy"]
[Black "Dmitriev, Vladimir"]
[Result "0-1"]
[WhiteElo "1491"]
[BlackElo "1992"]
[PlyCount "78"]
[EventDate "2019.08.14"]
[EventType "swiss"]
[EventRounds "9"]
[EventCountry "RUS"]
[SourceTitle "CBM 192"]
[Source "ChessBase"]
[SourceDate "2019.10.31"]
[SourceVersion "1"]
[SourceVersionDate "2019.10.31"]
[SourceQuality "1"]

1. d4 d5 2. Nf3 Nf6 3. c4 e6 4. Nc3 c6 5. Bg5 Be7 6. e3 Ne4 7. Bxe7 Qxe7 8. Bd3 f5 9. Nd2 0-0 10. 0-0 Qg5 11. Qe2 Nd7 12. f3 Nxd2 13. Qxd2 Nf6 14. b4 dxc4 15. Bxc4 Kh8 16. Rac1 b5 17. Bb3 Bd7 18. a4 a6 19. a5 Qh6 20. Ne2 g5 21. e4 fxe4 22. fxe4 Nxe4 23. Qe3 Nf6 24. Qe5 Qg7 25. Qd6 Ne4 26. Qe5 Rxf1+ 27. Rxf1 Nd2 28. Qc7 Nxf1 29. Kxf1 Rf8+ 30. Kg1 h6 31. h3 Be8 32. Qd6 Qf6 33. Ng3 h5 34. Bxe6 Bg6 35. Qc5 h4 36. Ne2 Be4 37. Kh2 Bxg2 38. Kxg2 Qf1+ 39. Kh2 Qxe2+ 0-1

[Event "St Petersburg Korchnoi Memorial op"]
[Site "St Petersburg"]
[Date "2019.08.18"]
[Round "5"]
[White "Nurgali, Nazerke"]
[Black "Gridnev, Selantiy"]
[Result "1-0"]
[WhiteElo "2045"]
[BlackElo "1491"]
[PlyCount "115"]
[EventDate "2019.08.14"]
[EventType "swiss"]
[EventRounds "9"]
[EventCountry "RUS"]
[SourceTitle "CBM 192"]
[Source "ChessBase"]
[SourceDate "2019.10.31"]
[SourceVersion "1"]
[SourceVersionDate "2019.10.31"]
[SourceQuality "1"]

1. d4 Nf6 2. c4 e6 3. g3 d5 4. Nf3 Be7 5. Bg2 0-0 6. 0-0 dxc4 7. Qc2 a6 8. Qxc4 b5 9. Qc2 Bb7 10. Bd2 Be4 11. Qc1 Nbd7 12. Ba5 Nb6 13. Nbd2 Bd5 14. Qc2 Rc8 15. e4 Bb7 16. b4 Nc4 17. Nxc4 Bxe4 18. Qe2 bxc4 19. Qxc4 Qd5 20. Qxd5 Nxd5 21. a3 Bf6 22. Ne5 Bxg2 23. Kxg2 Bxe5 24. dxe5 c5 25. bxc5 Rxc5 26. Bb4 Nxb4 27. axb4 Rb5 28. Rfb1 Ra8 29. Ra4 a5 30. Rba1 Rxe5 31. Rxa5 Rexa5 32. Rxa5 Rc8 33. b5 Kf8 34. Kf3 Ke7 35. Ke4 Rc2 36. b6 Kd6 37. Ra8 Rb2 38. Rg8 f5+ 39. Kf3 g6 40. Rd8+ Ke7 41. Rb8 Kf6 42. Ke3 e5 43. h4 Kg7 44. f3 Rb3+ 45. Ke2 Kh6 46. g4 fxg4 47. fxg4 Kg7 48. Kd2 Rb1 49. Kd3 Rb3+ 50. Kc4 Rb1 51. g5 h6 52. Rb7+ Kg8 53. gxh6 Kh8 54. Kd5 Rb5+ 55. Kc6 Rb4 56. Re7 Rc4+ 57. Kd5 Rc1 58. b7 1-0